Tytuły i imona monarchów w Europie - Statystyki

Ogólne statystyki
  • Ten quiz został rozwiązany 11 razy
  • Średni wynik to 6 z 12
Statystyki odpowiedzi
Państwo Monarcha % Poprawnych
Wielka Brytania Król Karol III
100%
Watykan Papież Franciszek
89%
Norwegia Król Harald V
78%
Belgia Król Filip I Belgijski
56%
Hiszpania Król Filip VI Hiszpański
44%
Dania Król Fryderyk X
44%
Monako Książę Albert II Grimaldi
44%
Szwecja Król Karol XVI Gustaw
33%
Holandia Król Wilhelm-Aleksander
22%
Liechtenstein Książę Jan Adam II Liechtenstein
22%
Luksemburg Wielki Książę Henryk
22%
Andora Współksiążę Emmanuel & Joan
0%
Nie znaleziono quizów pasujących do podanych kryteriów
Rozkład punktacji
Procent ludzi z każdym wynikiem
Percentyl według liczby udzielonych odpowiedzi
Twoja historia wyników
Nie rozwiązałeś tego quizu